Wszystkie piosenki Roberta Gawlińskiego - Statystyki

Ogólne statystyki
  • Ten quiz został rozwiązany 16 razy
  • Średni wynik to 25 z 167
Statystyki odpowiedzi
Zespół Album Piosenka % Poprawnych
Wilki 4 Baśka
85%
Wilki 4 Urke
77%
Wilki Watra Bohema
69%
Wilki Przedmieścia Moja "Baby"
69%
Wilki WIlki Son of The Blue Sky
62%
Wilki Obrazki Na zawsze i na wieczność
54%
Robert Gawliński Solo O sobie samym
54%
Wilki Wilki Eroll
46%
Wilki 4 Here I am
46%
Wilki Watra Słońce pokonał cień
46%
Wilki Watra Watra
46%
Wilki Wilki Aborygen
38%
Wilki Przedmieścia Crazy summer
38%
Wilki 4 Ja ogień ty woda
38%
Wilki Wilki Wilki
38%
Wilki Wilki Amiranda
31%
Wilki Wilki Beniamin
31%
Wilki Wilki Eli Lama Sabachtani
31%
Wilki Watra Fajnie, że jesteś
31%
Wilki Wilki Glorya
31%
Robert Gawliński Solo Jasne ulice
31%
Wilki Obrazki Love story
31%
Wilki Przedmieścia Nasze przedmieścia
31%
Wilki Wilki Nic zamieszkują demony
31%
Wilki Przedmieścia Nie zabiję nocy
31%
Wilki 4 Nigdy nie jest za późno
31%
Wilki 4 Przegrana Generacja
31%
Wilki Wilki Rachela
31%
Robert Gawliński Kwiaty jak relikwie | X Tacy jak ja
31%
Wilki 4 Wolność jak marzenia
31%
Wilki Wilki Z ulicy Kamiennej
31%
Robert Gawliński Solo About me alone
23%
Wilki Watra Atlantyda łez
23%
Wilki 4 Bogowie zimni jak kamień
23%
Wilki Przedmieścia Cień w dolinie mgieł
23%
Wilki Obrazki Ciut niebezpiecznie
23%
Wilki Światło i mrok Czystego serca
23%
Wilki 4 Dziewczyna z gitarą
23%
Wilki Przedmieścia Hiszpan
23%
Wilki Obrazki Intro
23%
Robert Gawliński Kwiaty jak relikwie Kwiaty jak Relikwie
23%
Wilki Przedmieścia Letnia piosenka dla ciebie
23%
Wilki Obrazki Mandala
23%
Wilki 4 Myśleć Wolno
23%
Wilki 26/26 Na krawędzi życia
23%
Robert Gawliński Kwiaty jak relikwie Nie stało się nic
23%
Wilki 4 Pogański znak
23%
Wilki Przez Dziewczyny Przez Dziewczyny
23%
Wilki Obrazki Równanie do dołu
23%
Wilki Światło i mrok Światło i mrok
23%
Wilki 4 Ty i ja
23%
Wilki Wilki Uayo
23%
Wilki 4 Uluru
23%
Wilki Przez Dziewczyny Wenus, tu Mars
23%
Wilki Wszyscy marzą o miłości Wszyscy marzą o miłości
23%
Wilki Watra 1974
15%
Wilki Obrazki Angel
15%
Wilki Przedmieścia Ballada Emanuel
15%
Wilki Watra Bossanova o duchach
15%
Robert Gawliński Gra Cherman
15%
Wilki Wszyscy marzą o miłości Ćma
15%
Robert Gawliński X Czy czujesz czasem co czuję ja
15%
Wilki Wszyscy marzą o miłości Duchy
15%
Robert Gawliński Gra Gra
15%
Wilki Przedmieścia Jeden raz odwiedzamy świat
15%
Wilki Wszyscy marzą o miłości Liczysz się tylko ty
15%
Wilki 4 Miasto w chmurach
15%
Wilki Obrazki Najtrudniejsza Gra
15%
Wilki Wszyscy marzą o miłości Nie czuję tego
15%
Wilki Watra Przepraszam Cię, życie takie jest
15%
Robert Gawliński Kwiaty jak relikwie Sid i Nancy
15%
Robert Gawliński Solo Trzy noce z deszczem
15%
Wilki Wszyscy marzą o miłości Ty jak nikt
15%
Wilki Obrazki Zostać mistrzem
15%
Wilki Przez Dziewczyny 27th floor
8%
Robert Gawliński Solo A Moment Of My Way
8%
Opera Opera Andżahar
8%
Robert Gawliński Solo Dokąd zmierzamy?
8%
Madame ??? Dzień Narodzin
8%
Opera Opera Dzikie kwiaty
8%
Madame ??? Głupi numer (Dlaczego nie chcesz?)
8%
Robert Gawliński Kalejdoskop Grey
8%
Robert Gawliński Kalejdoskop Grey / Coda
8%
Robert Gawliński Kalejdoskop Grzesznicy
8%
Robert Gawliński Kalejdoskop Grzesznicy / Coda
8%
Wilki Idziemy na mecz Idziemy na mecz
8%
Wilki Przedmieścia Indian Summer
8%
Wilki Przez Dziewczyny Kocham, bo nienawidzę
8%
Robert Gawliński Gra Kochankowie z bram
8%
Wilki Watra Księga Przemian
8%
Wilki Przez Dziewczyny Na Warszawskich Ulicach
8%
Wilki Watra Niech mówi serce
8%
Opera Opera Nie zabijajmy choć siebie
8%
Wilki Wszyscy marzą o miłości Noc i mrok
8%
Opera Opera Ocali cię Arka
8%
Wilki Przez Dziewczyny Ona tam jest
8%
Wilki Światło i mrok Pierwsze pióro
8%
Opera Opera Płonie ogień
8%
Wilki Wszyscy marzą o miłości Podzielony świat
8%
Wilki Przez Dziewczyny Shaman's melody
8%
Wilki Obrazki Słowa
8%
Wilki Przez Dziewczyny Stać się innym
8%
Wilki Obrazki Stracony raj
8%
Wilki Światło i mrok Świat to fajne miejsce
8%
Madame ??? Sybilla (Może właśnie Sybilla)
8%
Wilki Światło i mrok Syriusz
8%
Wilki Przez Dziewczyny Teraz powiedz nie
8%
Wilki Przez Dziewczyny To, co piękne w życiu
8%
Wilki Obrazki Tu-Pa
8%
Wilki Przez Dziewczyny W drodze do marzeń
8%
Wilki Wszyscy marzą o miłości Widzę cię wszędzie
8%
Wilki Obrazki W sieci
8%
Wilki Wszyscy marzą o miłości Zawsze twój, zawsze moja
8%
Robert Gawliński Kalejdoskop Anioł Miriam
0%
Robert Gawliński Solo Armia Armagedon
0%
Robert Gawliński Kalejdoskop Basquiat
0%
Opera Opera Cały czas mówię do siebie
0%
Robert Gawliński X Cygański
0%
Robert Gawliński X Długi spacer
0%
Robert Gawliński Solo Freedom And Love
0%
Robert Gawliński Kalejdoskop Kalejdoskop Bardo
0%
Wilki Przedmieścia Kiedy nie ma już nic
0%
Robert Gawliński Kwiaty jak relikwie Kocham niewinność
0%
Opera Opera Komu moja twarz
0%
Robert Gawliński Kalejdoskop Księga zdarzeń
0%
Robert Gawliński Gra Ludzie nie lubią ludzi
0%
Robert Gawliński Kwiaty jak relikwie Mała iskra
0%
Robert Gawliński Gra Mamy tylko chwile
0%
Wilki Watra Mary Twist
0%
Robert Gawliński X Miasto we śnie
0%
Wilki Światło i mrok Miłości kwiat nieśmiały
0%
Robert Gawliński Gra Modlitwa do słońca
0%
Robert Gawliński Kwiaty jak relikwie Mówię ci...
0%
Robert Gawliński X Na dobre i na złe
0%
Robert Gawliński Kwiaty jak relikwie Na koniec
0%
Robert Gawliński Kalejdoskop Natura zła
0%
Wilki Przedmieścia N'avoie
0%
Robert Gawliński X Na wietrze
0%
Robert Gawliński X Na wyspie
0%
Opera Opera Nigdy ci tego nie pozwolę zobaczyć
0%
Robert Gawliński Kwiaty jak relikwie Nurty życia rzeki
0%
Robert Gawliński Solo Ogień i Wiatr
0%
Robert Gawliński X Pastylki
0%
Robert Gawliński X Pastylki II
0%
Wilki Światło i mrok Pieśń Wieloryba
0%
Robert Gawliński Kalejdoskop Porywisty wiatr
0%
Robert Gawliński Gra Pozytywka
0%
Wilki Przedmieścia Słońce moja wiara
0%
Robert Gawliński Kwiaty jak relikwie | X Smutne liście
0%
Robert Gawliński X Śpiące serce
0%
Wilki Światło i mrok Spłonąć i odejść
0%
Wilki Światło i mrok Srebrny Pył
0%
Robert Gawliński Solo Szalony Walczyk
0%
Robert Gawliński Solo Szyba między nami
0%
Robert Gawliński Solo Tango Solo
0%
Robert Gawliński Gra To tylko obłok
0%
Robert Gawliński Kalejdoskop Tuareg
0%
Robert Gawliński Solo War and Love
0%
Robert Gawliński Kalejdoskop W cieniu ciszy
0%
Robert Gawliński Kwiaty jak relikwie Wojna i Miłość
0%
Robert Gawliński Gra Wszystko co mam
0%
Robert Gawliński Gra Zawsze w sercu mym
0%
Wilki Światło i mrok Zwykła miłość
0%
Robert Gawliński Gra Życie jest krótkie
0%
Wilki Światło i mrok Życie trwa
0%
Nie znaleziono quizów pasujących do podanych kryteriów
Rozkład punktacji
Procent ludzi z każdym wynikiem
Percentyl według liczby udzielonych odpowiedzi
Twoja historia wyników
Nie rozwiązałeś tego quizu